First Ten words of the Wikipedia Article - Statistics

General Stats
  • This quiz has been taken 15 times
  • The average score is 9 of 15
Answer Stats
Hint Answer % Correct
_____ is the third planet from the Sun and the… Earth
100%
_________ is a free online encyclopedia written and maintained by… Wikipedia
80%
A ____ is an object normally worn on the face, … Mask
73%
_____ is an Italian dish typically consisting of a flat… Pizza
73%
_____ are the basic particles of the chemical elements and… Atom
67%
________ was the founder of the Roman Empire, who reigned… Augustus
67%
_____ is a masterpiece of Italian Renaissance sculpture in marble… David
67%
____ is an unarmed modern Japanese martial art, combat sport… Judo
67%
_____ ____ was King of England from 22 April 1509... Henry VIII
60%
A ____ is a prehensile, multi-fingered appendage located at… Hand
53%
_______ is an island in the North Atlantic Ocean, in… Ireland
53%
_____ is the arrangement of sound to create some… Music
53%
_________ is the change in the heritable characteristics of biological… Evolution
47%
_____, or savoriness, is one of the five basic tastes. … Umami
47%
____ is the continuous progression of existence that occurs in… Time
33%
No matching quizzes found
Score Distribution
Percent of People with Each Score
Percentile by Number Answered
Your Score History
You have not taken this quiz